<?xml version="1.0" encoding="UTF-8"?>
<record
    xmlns:xsi="http://www.w3.org/2001/XMLSchema-instance"
    xsi:schemaLocation="http://www.loc.gov/MARC21/slim http://www.loc.gov/standards/marcxml/schema/MARC21slim.xsd"
    xmlns="http://www.loc.gov/MARC21/slim">

  <leader>00686nam a22002057a 4500</leader>
  <controlfield tag="005">20260122103031.0</controlfield>
  <controlfield tag="008">210608b        |||||||| |||| 00| 0 eng d</controlfield>
  <datafield tag="020" ind1=" " ind2=" ">
    <subfield code="a">1874392794 Pbk. Bp.</subfield>
  </datafield>
  <datafield tag="040" ind1=" " ind2=" ">
    <subfield code="a">MMSU</subfield>
    <subfield code="c">ULS</subfield>
    <subfield code="d">ULS</subfield>
  </datafield>
  <datafield tag="050" ind1=" " ind2=" ">
    <subfield code="a">RM 302 H36 2007 CHS</subfield>
  </datafield>
  <datafield tag="100" ind1=" " ind2=" ">
    <subfield code="a">Hansten, Philip D. </subfield>
  </datafield>
  <datafield tag="245" ind1=" " ind2=" ">
    <subfield code="a">Drug interactions analysis and management 2007 /</subfield>
    <subfield code="c">Philip D. Hansten and John R. Horn.</subfield>
  </datafield>
  <datafield tag="260" ind1=" " ind2=" ">
    <subfield code="a">St. Louis, Missouri :</subfield>
    <subfield code="b">Wolter's Kluwer Health, </subfield>
    <subfield code="c">2007.</subfield>
  </datafield>
  <datafield tag="300" ind1=" " ind2=" ">
    <subfield code="a">xvi, 1588 pages :</subfield>
    <subfield code="b">illustrations ;</subfield>
    <subfield code="c">23 cm. </subfield>
  </datafield>
  <datafield tag="521" ind1=" " ind2=" ">
    <subfield code="a">Includes index.</subfield>
  </datafield>
  <datafield tag="650" ind1=" " ind2=" ">
    <subfield code="a">Drug interactions. </subfield>
  </datafield>
  <datafield tag="650" ind1=" " ind2=" ">
    <subfield code="a">Drugs - Physiological effect. </subfield>
  </datafield>
  <datafield tag="650" ind1=" " ind2=" ">
    <subfield code="a">Drugs - Side effects.</subfield>
  </datafield>
  <datafield tag="942" ind1=" " ind2=" ">
    <subfield code="2">lcc</subfield>
    <subfield code="c">BK</subfield>
  </datafield>
  <datafield tag="999" ind1=" " ind2=" ">
    <subfield code="c">15665</subfield>
    <subfield code="d">15665</subfield>
  </datafield>
  <datafield tag="952" ind1=" " ind2=" ">
    <subfield code="0">0</subfield>
    <subfield code="1">0</subfield>
    <subfield code="2">lcc</subfield>
    <subfield code="4">0</subfield>
    <subfield code="7">0</subfield>
    <subfield code="a">MMSU_CHS</subfield>
    <subfield code="b">MMSU_CHS</subfield>
    <subfield code="c">CIRCULATION</subfield>
    <subfield code="d">2021-06-08</subfield>
    <subfield code="i">08-0175</subfield>
    <subfield code="o">RM 302 H36 2007 CHS</subfield>
    <subfield code="p">27830</subfield>
    <subfield code="r">2021-06-08</subfield>
    <subfield code="w">2021-06-08</subfield>
    <subfield code="y">BK</subfield>
  </datafield>
</record>
